Hồn Việt

Guardat en:
Dades bibliogràfiques
Autor corporatiu: Trung tâm Nghiên cứu Quốc học
Format: Llibre
Idioma:Undetermined
Publicat: Hà Nội Văn học 2004
Matèries:
Etiquetes: Afegir etiqueta
Sense etiquetes, Sigues el primer a etiquetar aquest registre!
Thư viện lưu trữ: Trung tâm Học liệu Trường Đại học Cần Thơ
LEADER 00510nam a2200181Ia 4500
001 CTU_91000
008 210402s9999 xx 000 0 und d
082 |a 306 
082 |b Tr513/T.2 
110 |a Trung tâm Nghiên cứu Quốc học 
245 0 |a Hồn Việt 
245 0 |c Trung tâm Nghiên cứu Quốc học 
260 |a Hà Nội 
260 |b Văn học 
260 |c 2004 
650 |a Culture 
904 |i Nguyên 
980 |a Trung tâm Học liệu Trường Đại học Cần Thơ